| 000 | 00589nam a22001697a 4500 | ||
|---|---|---|---|
| 999 |
_c181796 _d181796 |
||
| 005 | 20211006115739.0 | ||
| 010 | _aEN230921 | ||
| 020 |
_a9789353882310 _c525.00 |
||
| 037 | _bSage Publications | ||
| 245 |
_aAncient and medieval Indian thought: _bthemes and traditions / _cedited by Ankit Tomar [and] Suratha Kumar Malik |
||
| 260 |
_aNew Delhi _bSage Publications _c2020 |
||
| 270 |
_aB1/I-1, Mohan Cooperative Industrial Area, Mathura Road _bNew Delhi _e110044 |
||
| 300 |
_axliii, 264p. _c24cm(pbk) |
||
| 700 | _aTomar, Ankit | ||
| 700 | _aMalik, Suratha Kumar | ||
| 942 |
_2ddc _cEN _mANC |
||